Essentials of biochemistry and biotechnology (Record no. 359747)

MARC details
000 -LEADER
fixed length control field 00491 a2200181 4500
005 - DATE & TIME
control field 20250519140722.0
008 - FIXED-LENGTH DATA ELEMENTS--GENERAL INFORMATION
fixed length control field 250519b |||||||| |||| 00| 0 eng d
020 ## - ISBN
International Standard Book Number 9781666867084
Price $ 188.00
040 ## - CATALOGING SOURCE
Original cataloging agency VIVEKANANDA LIBRARY
082 ## - DDC NUMBER
Classification number 572
Book Number L645E
100 ## - MAIN ENTRY--PERSONAL NAME
Personal name Lindsay, Jamie
245 ## - TITLE STATEMENT
Title Essentials of biochemistry and biotechnology
260 ## - PUBLICATION, DISTRIBUTION, ETC. (IMPRINT)
Name of publisher, distributor, etc American Academic Publisher
Date of publication, distribution, etc 2024
Place of publication, distribution, etc Wilmington
300 ## - PHYSICAL DESCRIPTION
Pages xiii, 361
650 ## - Subject
Subject Biochemistry
650 ## - Subject
Subject Oeganic Chemistry
942 ## - ADDED ENTRY ELEMENTS (KOHA)
Koha item type Books
Holdings
Withdrawn status Lost status Source of classification or shelving scheme Damaged status Not for loan Location (home branch) Sublocation or collection (holding branch) Shelving location Date acquired Koha issues (times borrowed) Koha full call number Accession No. Koha date last seen Koha item type
    Dewey Decimal Classification     VIVEKANANDA LIBRARY VIVEKANANDA LIBRARY Vivekananda Library 23/12/2024   572 L645E 394795 23/12/2024 Books
© Designed and Maintained by Vivekananda Library, MDU Rohtak